LEADER 00683nam0 2200241 450 001 000007143 005 20060419140732.0 010 $a88-880-9523-3 100 $a20060419d2002----km-y0itay50------ba 101 0 $aita 102 $aIT 200 1 $aLezioni di diritto della navigazione$fStefano Zunarelli 205 $a2. ed. 210 $aBologna$cLibreria Bonomo$d2002 215 $aVII, 211 p.$d24 cm 610 1 $aDiritto marittimo 676 $a343.45096 700 1$aZunarelli,$bStefano$0231358 801 0$aIT$bUNIPARTHENOPE$gRICA$2UNIMARC 912 $a000007143 951 $aGN-001$b36113$cNAVA3 996 $aLezioni di diritto della navigazione$9991338 997 $aUNIPARTHENOPE LEADER 01184nam a2200301 i 4500 001 991001496359707536 005 20020502180243.0 008 951027s1987 it ||| | ita 035 $ab10856705-39ule_inst 035 $aLE02370082$9ExL 040 $aDip.to Studi Storici$bita 082 0 $a333 082 0 $a338.1954 084 $aQ 17 110 2 $aBanca d'Italia$072164 245 12$aL'agricoltura italiana :$bquadro economico, integrazione negli scambi internazionali e politiche di intervento /$ca cura del Servizio Studi della Banca d'Italia 260 $a[Roma :$bBanca d'Italia-Centro stampa],$c1987 300 $a238 p. :$bgrafici e tab. ;$c24 cm. 500 $ai contributi sono inseriti nell'archivio "articoli" 500 $aNumero speciale dei Contributi all'analisi economica 650 4$aAgricoltura 650 4$aEconomia agricola$zItalia 907 $a.b10856705$b21-09-06$c28-06-02 912 $a991001496359707536 945 $aLE023 338.19 AGI 1 1$g1$i2023000031872$lle023$o-$pE0.00$q-$rl$s- $t0$u0$v0$w0$x0$y.i10966869$z28-06-02 996 $aAgricoltura italiana$9618611 997 $aUNISALENTO 998 $ale023$b01-01-95$cm$da $e-$fita$git $h2$i1